000 00957nam a2200301Ia 4500
003 GCL
008 140319s9999 xx 000 0 ara d
040 _aGCL /
_cGCL
082 0 4 _aق
_b962.031
_bع ب
100 1 _aعبدالغفار محمد حسين
245 1 0 _aبناء الدولة الحديثة فى مصر /
_cعبدالغفار محمد حسين
260 _a[S.N] :
_bدار المعارف
300 _a231 ص
490 _a
650 0 4 _aالعصر الحديث
650 0 4 _aمصر
650 0 4 _aتاريخ
650 0 4 _aالاحوال الاجتماعية
650 0 4 _aالتجارة
650 0 4 _aالزراعة
650 0 4 _aالاحوال الاقتصادية
650 0 4 _aالتعدين
650 0 4 _aالجيش المصرى
650 0 4 _aالصناعة
650 0 4 _aقناة السويس
650 0 4 _aمصر - تاريخ - العصر الحديث - عصر اسماعيل ( 1863-1879 م )
942 _2ddc
_cBK
999 _c53012
_d53012